00810 2200301 4500001002100000005001500021035002000036007000300056040001700059100002400076245005300100250001300153300003700166504002900203041000800232082001600240084001600256090002000272264003800292336002100330337003000351338002300381500002300404650001400427850001000441008004100451990001600492INLIS00000000000641320260416085058 a0010-0422000018ta aSBPUPADbind0 aNur'aeniePengarang1 aIntervensi Dini Bagi Anak Bermasalah /cNur'aeni a.-Cet. 1 aix, 155 Hal. :billus. ;c20 cm aBibliografi ,Hlm 154-1550 aind a371.9 NUR i a371.9 NUR i a371.9 NUR i 9-7 a.--Jakarta :bRineka Cipta,c1997 2rdacontentaTeks 2rdamediaaTanpa Perantara 2rdacarrieravolume aIndeks,Hlm 199-206 4aAnak Anak aPUPAD260416 0  a00000016446